Java rules / (Record no. 61786)
[ view plain ]
| 000 -LEADER | |
|---|---|
| fixed length control field | 01182cam a22002894a 4500 |
| 001 - CONTROL NUMBER | |
| control field | 12429891 |
| 003 - CONTROL NUMBER IDENTIFIER | |
| control field | NUST-PNEC |
| 005 - DATE AND TIME OF LATEST TRANSACTION | |
| control field | 20170116180731.0 |
| 008 - FIXED-LENGTH DATA ELEMENTS--GENERAL INFORMATION | |
| fixed length control field | 010604s2002 maua b 001 0 eng |
| 010 ## - LIBRARY OF CONGRESS CONTROL NUMBER | |
| LC control number | 2001034111 |
| 020 ## - INTERNATIONAL STANDARD BOOK NUMBER | |
| International Standard Book Number | 0201709163 |
| 040 ## - CATALOGING SOURCE | |
| Original cataloging agency | DLC |
| Transcribing agency | PNEC |
| Modifying agency | DLC |
| 042 ## - AUTHENTICATION CODE | |
| Authentication code | pcc |
| 050 00 - LIBRARY OF CONGRESS CALL NUMBER | |
| Classification number | QA76.73.J38 |
| Item number | D84 2002 |
| 082 00 - DEWEY DECIMAL CLASSIFICATION NUMBER | |
| Classification number | 005.133 DUN |
| Edition number | 21 |
| 100 1# - MAIN ENTRY--PERSONAL NAME | |
| Personal name | Dunn, Douglas, |
| Dates associated with a name | 1958- |
| 245 10 - TITLE STATEMENT | |
| Title | Java rules / |
| Statement of responsibility, etc. | Douglas Dunn. |
| 260 ## - PUBLICATION, DISTRIBUTION, ETC. | |
| Place of publication, distribution, etc. | Boston : |
| Name of publisher, distributor, etc. | Addison-Wesley, |
| Date of publication, distribution, etc. | c2002. |
| 300 ## - PHYSICAL DESCRIPTION | |
| Extent | xxv, 690 p. : |
| Other physical details | ill. ; |
| Dimensions | 24 cm. |
| 440 #4 - SERIES STATEMENT/ADDED ENTRY--TITLE | |
| Title | The developMentor series |
| 504 ## - BIBLIOGRAPHY, ETC. NOTE | |
| Bibliography, etc. note | Includes bibliographical references and index. |
| 650 #0 - SUBJECT ADDED ENTRY--TOPICAL TERM | |
| Topical term or geographic name entry element | Java (Computer program language) |
| General subdivision | Computer, MIS |
| 856 ## - ELECTRONIC LOCATION AND ACCESS | |
| Uniform Resource Identifier | <a href="http://www.amazon.com/Java-Rules-Douglas-Dunn/dp/0201709163/ref=sr_1_1?s=books&ie=UTF8&qid=1415969418&sr=1-1&keywords=0201709163">http://www.amazon.com/Java-Rules-Douglas-Dunn/dp/0201709163/ref=sr_1_1?s=books&ie=UTF8&qid=1415969418&sr=1-1&keywords=0201709163</a> |
| 906 ## - LOCAL DATA ELEMENT F, LDF (RLIN) | |
| a | 7 |
| b | cbc |
| c | orignew |
| d | 1 |
| e | ocip |
| f | 20 |
| g | y-gencatlg |
| 942 ## - ADDED ENTRY ELEMENTS (KOHA) | |
| Source of classification or shelving scheme | |
| Koha item type | Book |
| Withdrawn status | Lost status | Source of classification or shelving scheme | Damaged status | Not for loan | Permanent Location | Current Location | Shelving location | Date acquired | Source of acquisition | Cost, normal purchase price | Total Checkouts | Full call number | Barcode | Date last seen | Cost, replacement price | Price effective from | Koha item type |
|---|---|---|---|---|---|---|---|---|---|---|---|---|---|---|---|---|---|
| Pakistan Navy Engineering College (PNEC) | Pakistan Navy Engineering College (PNEC) | 07/17/2005 | Fair Book Centre | 3296.00 | 005.133 DUN | PNECLIB-027597 | 11/14/2014 | 3296.00 | 07/17/2005 | Book |
